[Event "V Open Carnevale"]
[Site "Viareggio ITA"]
[Date "2000.02.26"]
[Round "3"]
[White "Canestrelli, Luigi"]
[Black "Forno, Roberto"]
[Result "0-1"]
[WhiteElo "1699"]
[BlackElo "1780"]
[PlyCount "80"]
[EventDate "2000.02.25"]

1. d4 d5 2. c4 e6 3. Nf3 Be7 4. Nc3 Nf6 5. g3 O-O 6. Bg2 b6 7. O-O Bb7 8. Bf4
dxc4 9. Nb5 Nd5 10. Ne5 a6 11. Nc3 Nxc3 12. bxc3 Bxg2 13. Kxg2 f6 14. Ng4 h5
15. h3 hxg4 16. hxg4 Bd6 17. Bd2 Nc6 18. Qc2 f5 19. gxf5 exf5 20. Rh1 Qe7 21.
Rh4 Qxe2 22. Re1 Qd3 23. Qd1 Rae8 24. Rxe8 Rxe8 25. Qh5 Re6 26. Bg5 Bxg3 27.
Qh7+ Kf7 28. Qh5+ Rg6 29. fxg3 Qxc3 30. Rf4 Nxd4 31. g4 Qd2+ 32. Kh1 Qd1+ 33.
Kg2 c3 34. Rf1 Qe2+ 35. Rf2 Qe4+ 36. Kg3 c2 37. Rf1 Ne2+ 38. Kh2 f4 39. Bxf4
Nxf4 40. Kg3 c1=Q 0-1

[Event "V Open Carnevale"]
[Site "Viareggio ITA"]
[Date "2000.02.26"]
[Round "3"]
[White "Cappellari, Mario"]
[Black "Isonzo, David"]
[Result "0-1"]
[WhiteElo "1714"]
[BlackElo "2253"]
[PlyCount "68"]
[EventDate "2000.02.25"]

1. e4 c5 2. Nf3 d6 3. g3 Nf6 4. d3 Nc6 5. Bg2 g6 6. O-O Bg7 7. Nbd2 O-O 8. Re1
Rb8 9. Nf1 Ne8 10. c3 b5 11. Bf4 b4 12. Qd2 Bg4 13. Bh6 Bxf3 14. Bxf3 Bxh6 15.
Qxh6 Nc7 16. h4 bxc3 17. bxc3 Nb5 18. Qd2 Qa5 19. Rec1 Na3 20. h5 Rb6 21. hxg6
fxg6 22. Bg4 Ne5 23. Be6+ Kg7 24. Kg2 c4 25. dxc4 Rf6 26. Bd5 Naxc4 27. Qe2 Rb2
28. Rc2 Rxc2 29. Qxc2 Ng4 30. Qb3 Rxf2+ 31. Kh3 Nce3 32. Nxe3 Nxe3 33. c4 Qd2
34. Rh1 Nxd5 0-1

[Event "V Open Carnevale"]
[Site "Viareggio ITA"]
[Date "2000.02.26"]
[Round "3"]
[White "Castrogiovanni, Carlo"]
[Black "Chiodini, Pietro"]
[Result "1-0"]
[WhiteElo "2090"]
[BlackElo "1585"]
[PlyCount "60"]
[EventDate "2000.02.25"]

1. Nf3 f5 2. d4 Nf6 3. g3 e6 4. Bg2 d5 5. c4 c6 6. b3 Bd6 7. O-O O-O 8. Bg5
Nbd7 9. Nc3 h6 10. Bd2 Ne4 11. Nh4 Qf6 12. e3 g5 13. Nf3 Kf7 14. Ne1 Nxd2 15.
Qxd2 Bb4 16. Nd3 Bxc3 17. Qxc3 Kg6 18. f3 h5 19. e4 f4 20. Rae1 c5 21. e5 cxd4
22. Qxd4 Qf5 23. cxd5 Nb6 24. d6 Bd7 25. Rf2 Nd5 26. Bf1 Kh6 27. b4 b5 28. Qe4
Qf7 29. Rc1 Rac8 30. g4 Nc3 1-0

[Event "V Open Carnevale"]
[Site "Viareggio ITA"]
[Date "2000.02.26"]
[Round "3"]
[White "Colovic, Aleksandar"]
[Black "Bozzali, Ermanno"]
[Result "1-0"]
[WhiteElo "2414"]
[BlackElo "2061"]
[PlyCount "41"]
[EventDate "2000.02.25"]

1. e4 c5 2. Nf3 d6 3. d4 cxd4 4. Nxd4 Nf6 5. Nc3 a6 6. Bc4 e6 7. Bb3 b5 8. O-O
Be7 9. Qf3 Qb6 10. Bg5 Qxd4 11. e5 d5 12. exf6 gxf6 13. Rad1 Qe5 14. Bf4 Qf5
15. Nxd5 exd5 16. Bxd5 Ra7 17. Bxb8 Qxf3 18. Bxf3 Rb7 19. Bxb7 Bxb7 20. Rfe1
Rg8 21. Bd6 1-0

[Event "V Open Carnevale"]
[Site "Viareggio ITA"]
[Date "2000.02.26"]
[Round "3"]
[White "Ficco, Corrado"]
[Black "Djuric, Stefan"]
[Result "0-1"]
[WhiteElo "2150"]
[BlackElo "2491"]
[PlyCount "96"]
[EventDate "2000.02.25"]

1. e4 c5 2. Nf3 g6 3. d4 Bg7 4. c4 d6 5. Nc3 Bg4 6. dxc5 dxc5 7. Qxd8+ Kxd8 8.
Bd2 Nc6 9. O-O-O Ke8 10. Be2 Rc8 11. h3 Bd7 12. Nd5 Nd4 13. Nxd4 cxd4 14. Kb1
e6 15. Nb4 Ne7 16. Rc1 Nc6 17. Rhe1 h5 18. Nd3 Kf8 19. b4 Kg8 20. Kb2 Kh7 21.
Kb3 Rhd8 22. Bg5 f6 23. Bd2 e5 24. Nc5 d3 25. Bxd3 Be8 26. Rc3 Nxb4 27. Kxb4
Bf8 28. Be3 b6 29. Rd1 Bxc5+ 30. Bxc5 Rxc5 31. Be2 Rdc8 32. Rd5 a5+ 33. Kb3 Bc6
34. Rxc5 bxc5 35. Bd3 h4 36. f3 Kh6 37. Kc2 Kg5 38. Kd2 Kf4 39. Ke2 Rb8 40. Rb3
Rb4 41. Rxb4 axb4 42. Kf2 f5 43. exf5 gxf5 44. Bc2 e4 45. Bd1 Bb7 46. Bc2 exf3
47. gxf3 Bxf3 48. Bxf5 Be4 0-1

[Event "V Open Carnevale"]
[Site "Viareggio ITA"]
[Date "2000.02.26"]
[Round "3"]
[White "Foschi, Alessandro"]
[Black "Luciani, Valerio"]
[Result "0-1"]
[WhiteElo "1500"]
[BlackElo "2156"]
[PlyCount "94"]
[EventDate "2000.02.25"]

1. e4 e6 2. d4 d5 3. Nd2 c5 4. c3 cxd4 5. cxd4 Nc6 6. Ngf3 Nf6 7. Bd3 dxe4 8.
Nxe4 Be7 9. O-O O-O 10. Be3 Qd5 11. Nc3 Qa5 12. a3 Rd8 13. Re1 Nd5 14. Bd2 Qb6
15. Nxd5 Rxd5 16. Bc3 Bf6 17. Be4 Rd8 18. Qc2 h6 19. Bxc6 Qxc6 20. Rad1 Qd5 21.
Qe4 b6 22. Qxd5 Rxd5 23. Ne5 Bb7 24. Ng4 Bg5 25. Re5 Rad8 26. Rxd5 Bxd5 27. Ne3
Bb3 28. Rd2 Be7 29. Kf1 f5 30. Ke2 f4 31. Ng4 Rc8 32. Ne5 Bxa3 33. bxa3 Rxc3
34. Ng6 f3+ 35. gxf3 Bc4+ 36. Ke1 Rxa3 37. Rc2 Ra1+ 38. Kd2 Ra2 39. Ne5 Rxc2+
40. Kxc2 Bd5 41. Kc3 a5 42. f4 b5 43. Nd3 Kf7 44. f5 exf5 45. Nf4 Be4 46. Kd2
g5 47. Nd3 Bxd3 0-1

[Event "V Open Carnevale"]
[Site "Viareggio ITA"]
[Date "2000.02.26"]
[Round "3"]
[White "Genduso, Carmelo"]
[Black "Weinberg, Emanuele"]
[Result "1/2-1/2"]
[WhiteElo "2224"]
[BlackElo "1743"]
[PlyCount "52"]
[EventDate "2000.02.25"]

1. e4 Nf6 2. e5 Nd5 3. c4 Nb6 4. c5 Nd5 5. Bc4 e6 6. d4 b6 7. cxb6 axb6 8. Ne2
Bb4+ 9. Bd2 Bxd2+ 10. Qxd2 Ba6 11. Bxa6 Nxa6 12. O-O O-O 13. Nbc3 Nab4 14. a3
Nxc3 15. Nxc3 Nd5 16. Ne4 f6 17. f4 fxe5 18. dxe5 Qe7 19. Rad1 h6 20. g3 Qf7
21. Qd3 Qf5 22. Nf2 Qxd3 23. Rd2 Rf7 24. Ng4 b5 25. Rfd1 c6 26. Ne3 Raf8
1/2-1/2

[Event "V Open Carnevale"]
[Site "Viareggio ITA"]
[Date "2000.02.26"]
[Round "3"]
[White "Masullo, Andrea"]
[Black "Femiano, Andrea"]
[Result "1-0"]
[WhiteElo "1774"]
[BlackElo "2163"]
[PlyCount "81"]
[EventDate "2000.02.25"]

1. e4 c5 2. c3 Nf6 3. e5 Nd5 4. d4 cxd4 5. Nf3 b6 6. cxd4 e6 7. Nc3 Nxc3 8.
bxc3 Bb7 9. Bd3 Be7 10. O-O h6 11. Qe2 Qc7 12. Bd2 d6 13. exd6 Bxd6 14. h3 Nd7
15. c4 O-O 16. Rfe1 Bxf3 17. Qxf3 e5 18. Bxh6 exd4 19. Bxg7 Ne5 20. Bxe5 Bxe5
21. Re4 Bg7 22. Rg4 Qe5 23. h4 Rae8 24. Rg5 f5 25. h5 Re6 26. Qh3 Kh8 27. Rb1
Bh6 28. Rxf5 Rxf5 29. Qxf5 Qxf5 30. Bxf5 Re2 31. a4 Kg7 32. Rd1 Bf4 33. g4 Kf6
34. Rxd4 Kg5 35. h6 Be5 36. Rd5 Re1+ 37. Kg2 Kxh6 38. Rd7 Ra1 39. Rxa7 Bd4 40.
f4 Ra2+ 41. Kf3 1-0

[Event "V Open Carnevale"]
[Site "Viareggio ITA"]
[Date "2000.02.26"]
[Round "3"]
[White "Miladinovic, Igor"]
[Black "Riccio, Eros"]
[Result "1-0"]
[WhiteElo "2538"]
[BlackElo "2112"]
[PlyCount "59"]
[EventDate "2000.02.25"]

1. d4 d5 2. Bg5 c6 3. e3 Qb6 4. Qc1 Bf5 5. Nf3 Nd7 6. Be2 Ngf6 7. O-O e6 8. c4
Be7 9. Nc3 h6 10. Bh4 O-O 11. h3 Rfe8 12. c5 Qd8 13. Bg3 Ne4 14. Nxe4 Bxe4 15.
b4 a6 16. a4 Bf6 17. Nd2 Bf5 18. f4 Bh4 19. Bh2 Qf6 20. Nf3 Be4 21. Qd1 Bxf3
22. Bxf3 Qg6 23. Kh1 Qh7 24. Qb3 f5 25. b5 axb5 26. axb5 Rxa1 27. Rxa1 Rb8 28.
bxc6 bxc6 29. Qa4 Rc8 30. Qa7 1-0

[Event "V Open Carnevale"]
[Site "Viareggio ITA"]
[Date "2000.02.26"]
[Round "3"]
[White "Pernigotti, Carlo"]
[Black "Vespia, Gianmarco"]
[Result "1/2-1/2"]
[WhiteElo "2203"]
[BlackElo "1756"]
[PlyCount "66"]
[EventDate "2000.02.25"]

1. e4 c6 2. Nf3 d5 3. Nc3 Bg4 4. h3 Bh5 5. g4 Bg6 6. exd5 cxd5 7. Bb5+ Nc6 8.
Ne5 Rc8 9. d4 e6 10. h4 h6 11. Nxg6 fxg6 12. Qe2 Kf7 13. Be3 Bb4 14. Kf1 Qf6
15. Rd1 Bxc3 16. bxc3 a6 17. Bd3 e5 18. dxe5 Qxe5 19. Bd4 Qxe2+ 20. Kxe2 Nxd4+
21. cxd4 Ne7 22. Kd2 Kf6 23. Rh3 Rhf8 24. Re1 Kf7 25. Rf3+ Kg8 26. Rxf8+ Kxf8
27. Re6 Rc6 28. Rxc6 Nxc6 29. Ke3 g5 30. hxg5 hxg5 31. c4 dxc4 32. Bxc4 Ke7 33.
Ke4 Kd6 1/2-1/2

[Event "V Open Carnevale"]
[Site "Viareggio ITA"]
[Date "2000.02.26"]
[Round "3"]
[White "Picard, Romain"]
[Black "Ausmins, Elmar"]
[Result "1-0"]
[WhiteElo "1885"]
[BlackElo "2255"]
[PlyCount "90"]
[EventDate "2000.02.25"]

1. e4 c5 2. Nf3 d6 3. d4 cxd4 4. Nxd4 Nf6 5. Nc3 Nc6 6. Be2 e5 7. Nb3 a6 8. O-O
h6 9. f4 Be7 10. Kh1 b5 11. a4 b4 12. Nd5 O-O 13. Bf3 Bb7 14. a5 Nxd5 15. exd5
Na7 16. Qe1 Qc7 17. Qxb4 Rab8 18. Qd2 Rfc8 19. Bg4 Qc4 20. Qf2 Bh4 21. Qg1 Re8
22. Nd2 Qxd5 23. Nf3 Bf6 24. Rd1 Qc4 25. Qxa7 exf4 26. c3 g5 27. Bd2 Be4 28. b4
Rb7 29. Qf2 Bg6 30. Ng1 h5 31. Be2 Qc6 32. Bf3 d5 33. Bxf4 gxf4 34. Bxd5 Qc7
35. Bxb7 Qxb7 36. Qb6 Be4 37. Qxb7 Bxb7 38. Rac1 Re3 39. c4 Bc3 40. Rd7 Be4 41.
Rd6 Bxb4 42. Rxa6 Ra3 43. c5 Bd2 44. Rd1 f3 45. gxf3 Rxf3 1-0

[Event "V Open Carnevale"]
[Site "Viareggio ITA"]
[Date "2000.02.26"]
[Round "3"]
[White "Poletti, Fausto"]
[Black "Pilia, Piero"]
[Result "1-0"]
[WhiteElo "1758"]
[BlackElo "1672"]
[PlyCount "115"]
[EventDate "2000.02.25"]

1. Nf3 Nf6 2. c4 b6 3. g3 Bb7 4. Bg2 e6 5. O-O Be7 6. Nc3 O-O 7. d4 d6 8. Re1
Ne4 9. Nxe4 Bxe4 10. Nh4 Bxg2 11. Nxg2 Nd7 12. e4 c6 13. Qb3 c5 14. d5 e5 15.
Qd3 Nf6 16. f4 exf4 17. gxf4 Qd7 18. e5 Nh5 19. Qe2 Qh3 20. Rf1 Rae8 21. Bd2
Bf6 22. Bc3 g6 23. Rae1 Bh4 24. Nxh4 Qxh4 25. Qf2 Qg4+ 26. Qg2 Qd7 27. Qg5 h6
28. Qh4 Kh7 29. Rf3 Ng7 30. Ref1 Nf5 31. Qf6 Rg8 32. Kh1 Qe7 33. Qxe7 Rxe7 34.
b3 Rge8 35. Rd3 Kg8 36. Rf2 Rb8 37. exd6 Nxd6 38. Be5 Rd7 39. Bxd6 Rxd6 40. Re3
Kf8 41. Rfe2 b5 42. Re7 bxc4 43. bxc4 Rb4 44. Re8+ Kg7 45. Rc2 a5 46. Rc8 a4
47. Rxc5 a3 48. Ra5 Rf6 49. Kg2 Rf5 50. h4 g5 51. fxg5 Re5 52. Rxa3 Re4 53.
Rac3 Rg4+ 54. Kh3 Rb1 55. c5 Rh1+ 56. Rh2 Rxh2+ 57. Kxh2 Rxh4+ 58. Kg3 1-0